[Event "Calvia Amateur op 16th"]
[Site "Calvia"]
[Date "2019.10.13"]
[Round "9"]
[White "Juan Lepp, Olga Beatriz"]
[Black "Palou de Comasema Pou, Antonio"]
[Result "0-1"]
[WhiteElo "1106"]
[BlackElo "1515"]
[PlyCount "34"]
[EventDate "2019.10.05"]
[EventType "swiss"]
[EventRounds "9"]
[EventCountry "ESP"]
[SourceTitle "CBM 192 Extra"]
[Source "Chessbase"]
[SourceDate "2019.11.06"]
[SourceVersion "1"]
[SourceVersionDate "2019.11.06"]
[SourceQuality "1"]

1. g3 e5 2. Bg2 d5 3. d3 Nc6 4. Nf3 Nf6 5. 0-0 Bc5 6. c4 0-0 7. Nc3 h6 8. a3 a6 9. b4 Ba7 10. Re1 Be6 11. Qb3 e4 12. dxe4 dxe4 13. Rd1 Qe7 14. Ne1 b5 15. Nxe4 Bxc4 16. Nxf6+ Qxf6 17. Qc2 Bxf2+ 0-1

[Event "Calvia Amateur op 10th"]
[Site "Calvia"]
[Date "2013.10.11"]
[Round "7"]
[White "Palou de Comasema Pou, Antonio"]
[Black "Esbensen, Hans Fredrik"]
[Result "0-1"]
[WhiteElo "1462"]
[BlackElo "1727"]
[PlyCount "68"]
[EventDate "2013.10.05"]
[EventType "swiss"]
[EventRounds "9"]
[EventCountry "ESP"]
[SourceTitle "EXT 2014"]
[Source "ChessBase"]
[SourceDate "2013.11.20"]
[SourceVersion "1"]
[SourceVersionDate "2013.11.20"]
[SourceQuality "1"]

1. e4 d6 2. d4 g6 3. Nf3 Bg7 4. Nc3 Nf6 5. Bd3 0-0 6. Bd2 Nc6 7. Ne2 a5 8. c3 e5 9. d5 Ne7 10. Bg5 c6 11. c4 h6 12. Bxf6 Bxf6 13. Qd2 Bg7 14. h3 Bd7 15. Nh2 cxd5 16. cxd5 g5 17. g4 Ng6 18. Nf1 Nh4 19. Ng1 Ng2+ 20. Kd1 Nf4 21. Ng3 Qb6 22. Bf1 Rfc8 23. Nf5 Rc5 24. h4 Rac8 25. Ne7+ Kf8 26. Nxc8 Rxc8 27. hxg5 hxg5 28. f3 f6 29. Rc1 Rxc1+ 30. Kxc1 Qc5+ 31. Kb1 b5 32. Qxa5 Qd4 33. Qd8+ Be8 34. Bxb5 Qd1# 0-1

[Event "Mallorca La Goleta U2200"]
[Site "Palma de Mallorca"]
[Date "2012.08.17"]
[Round "4"]
[White "Palou de Comasema Pou, Antonio"]
[Black "Trillo Figueroa Vidal, Antonio"]
[Result "0-1"]
[WhiteElo "1418"]
[BlackElo "1818"]
[PlyCount "68"]
[EventDate "2012.08.10"]
[EventType "swiss"]
[EventRounds "7"]
[EventCountry "ESP"]
[SourceTitle "EXT 2014"]
[Source "ChessBase"]
[SourceDate "2013.11.20"]
[SourceVersion "1"]
[SourceVersionDate "2013.11.20"]
[SourceQuality "1"]

1. e4 e5 2. Nf3 Nc6 3. Bb5 a6 4. Bxc6 dxc6 5. d4 exd4 6. Nxd4 c5 7. Nf3 Qxd1+ 8. Kxd1 Bg4 9. Nbd2 0-0-0 10. Ke2 Nf6 11. h3 Bh5 12. b3 Bg6 13. Ne5 Re8 14. Nxg6 hxg6 15. f3 Nh5 16. Nf1 Bd6 17. g4 Nf6 18. c4 Be5 19. Rb1 Rh7 20. Be3 Bd6 21. Bf2 Reh8 22. h4 g5 23. h5 Nd7 24. Ng3 Bxg3 25. Bxg3 g6 26. hxg6 Rxh1 27. g7 R8h2+ 28. Bxh2 Rxh2+ 29. Kf1 Nf6 30. e5 Ng8 31. Kg1 Rh7 32. Kg2 Rxg7 33. Rh1 Kd7 34. Kg3 Ne7 0-1